00742nab a2200241uuc450000100070000000500170000700800410002403500110006503500210007604000130009704100080011010000340011824500530015265000190020565000320022465000240025665000340028065000200031465000330033477301040036794200100047199900190048199157920240201204351.0060905e20060501 spa  a991579 a(OCoLC)820362092 ccomduadb aspa10aParis, Luis4auteaut942682910aRelaciones gramaticalizadas entre eventos: medio aEventos973199 aGramaticalización9128689 aMereología924212 aGerundio (Gramática)932705 aLéxico987337 aCategorias semanticas9311040 tRevista Signos (Valparaiso)gVol. 39, No. 61, May.-Ago. 2006, p. 259-282w234699x0035-04510101115 cARIMP c399790d399790